Aktívna politika trhu práce v okrese Šaľa bakalárska práca

Enregistré dans:
Détails bibliographiques
Auteur principal: Lenická, Petronela
Collectivité auteur: Národohospodárska fakulta EU. Katedra sociálneho rozvoja a práce
Autres auteurs: Pechová, Michaela, 1977-
Format: Livre
Langue:slovaque
Publié: Bratislava 2009
Tags: Ajouter un tag
Pas de tags, Soyez le premier à ajouter un tag!

MARC

LEADER 00000nam$a2200000$$$4500
001 0100871
005 20240318140457.1
041 0 |a slo 
044 |a SK 
245 1 0 |a Aktívna politika trhu práce v okrese Šaľa  |b bakalárska práca  |c Petronela Lenická ; škol. Michaela Pechová 
264 1 |a Bratislava  |c 2009 
300 |a 38 s. 
100 1 |a Lenická, Petronela 
700 1 |a Pechová, Michaela, 1977- 
710 2 |a Národohospodárska fakulta EU. Katedra sociálneho rozvoja a práce